| 000 | 00365 a2200169 4500 | ||
|---|---|---|---|
| 001 | 190649 | ||
| 020 | _a85-7302-580-8 | ||
| 040 | _cMagnum | ||
| 100 | _aPressfield, Steven | ||
| 240 | 1 | 0 |
_aTempos de guerra _lpor |
| 245 | 1 | 0 | _aTempos de guerra |
| 300 | _a453 | ||
| 362 | 0 | _a2004 | |
| 440 | 1 | _aObjetiva | |
| 697 | _aLITERATURA GERAL ESTRANGEIRA | ||
| 942 | _cBK | ||
| 999 |
_c190649 _d190649 |
||